Kluby piłkarskie z miast województwa zachodniopomorskiego - Statystyki

Ogólne statystyki
  • Ten quiz został rozwiązany 32 razy
    23 od ostatniego zresetowania
  • Średni wynik to 29 z 66
Statystyki odpowiedzi
Miasto Klub Poziom
rozgrywkowy
% Poprawnych
Połczyn-Zdrój Pogoń Liga Okręgowa
100%
Szczecin Pogoń Ekstraklasa
100%
Kołobrzeg Kotwica Liga Okręgowa
85%
Koszalin Bałtyk IV Liga
75%
Stargard Błękitni III Liga
75%
Police Chemik IV Liga
70%
Świnoujście Flota III Liga
70%
Goleniów Ina IV Liga
70%
Ińsko Ina IV Liga
70%
Kamień Pomorski Gryf IV Liga
65%
Polanów Gryf Liga Okręgowa
65%
Dębno Dąb IV Liga
60%
Gościno Olimp Liga Okręgowa
60%
Trzcińsko-Zdrój Orzeł Liga Okręgowa
60%
Wałcz Orzeł IV Liga
60%
Płoty Polonia Liga Okręgowa
60%
Gryfice Sparta IV Liga
60%
Węgorzyno Sparta Klasa A
60%
Drawno Drawa Klasa B
55%
Drawsko Pomorskie Drawa Klasa A
55%
Chojna Odra Liga Okręgowa
55%
Złocieniec Olimp Liga Okręgowa
55%
Sławno Sława Liga Okręgowa
55%
Bobolice Mechanik IV Liga
50%
Karlino Sokół Liga Okręgowa
50%
Pyrzyce Sokół Liga Okręgowa
50%
Wolin Vineta Klasa A
50%
Darłowo Darłovia IV Liga
45%
Czaplinek Lech Liga Okręgowa
45%
Resko Mewa Liga Okręgowa
45%
Chociwel Piast Liga Okręgowa
45%
Trzebiatów Rega Liga Okręgowa
45%
Sianów Victoria Liga Okręgowa
45%
Kalisz Pomorski Calisia Liga Okręgowa
40%
Gryfino Energetyk Liga Okręgowa
40%
Międzyzdroje Fala Klasa A
40%
Choszczno Gavia IV Liga
40%
Białogard Iskra Liga Okręgowa
40%
Golczewo Iskra Klasa A
40%
Moryń Morzycko Liga Okręgowa
40%
Nowogard Pomorzanin 1964 Liga Okręgowa
40%
Mielno Saturn Klasa A
35%
Lipiany Stal Klasa A
35%
Dobrzany Zorza Liga Okręgowa
35%
Tychowo Głaz Klasa A
30%
Dziwnów Jantar Liga Okręgowa
30%
Mieszkowice Mieszko Klasa A
30%
Myślibórz Osadnik Liga Okręgowa
30%
Dobra Sarmata Liga Okręgowa
30%
Cedynia Czcibor Klasa A
25%
Pełczyce Kłos Liga Okręgowa
25%
Świdwin Spójnia Liga Okręgowa
25%
Łobez Światowid 63 Liga Okręgowa
25%
Borne Sulinowo Wrzos Klasa A
25%
Barwice Błonie Klasa B
20%
Człopa Korona Klasa B
20%
Mirosławiec Mirstal Klasa B
20%
Suchań Orkan Klasa A
20%
Stepnica Zalew Klasa A
20%
Barlinek CRS Liga Okręgowa
15%
Biały Bór Hubertus Klasa A
15%
Tuczno Jedność Klasa A
5%
Recz Remor Liga Okręgowa
5%
Maszewo Amator Liga Okręgowa
0%
Nowe Warpno Brak klubu -
0%
Szczecinek Brak klubu -
0%
Nie znaleziono quizów pasujących do podanych kryteriów
Rozkład punktacji
Procent ludzi z każdym wynikiem
Percentyl według liczby udzielonych odpowiedzi
Twoja historia wyników
Nie rozwiązałeś tego quizu od ostatniego zresetowania